| 000 | 00758nam a22001937a 4500 | ||
|---|---|---|---|
| 003 | LK-CoMWRAF | ||
| 005 | 20231213113624.0 | ||
| 008 | 231213b |||||||| |||| 00| 0 eng d | ||
| 040 |
_aLK-CoMWRAF _dLK-CoMWRAF _eLK-CoMWRAF |
||
| 041 |
_asin _atam _aeng |
||
| 082 |
_a305.42 _bBEE |
||
| 245 | _aබීජිං අත්දැකීම් = பெய்ஜிங் அனுபவம் = Experiences from Beijing | ||
| 246 | _aBeejin athdakeem = Peyjiṅ aṉupavam | ||
| 260 |
_aකොළඹ : _bකාන්තාව සහ මාධ්ය සාමුහිකය, _c1996 |
||
| 650 | _aබීජිං අත්දැකීම් | ||
| 650 | _aபெய்ஜிங் அனுபவம் | ||
| 650 | _aExperiences from Beijing | ||
| 942 | _cBK | ||
| 999 |
_c4399 _d4399 |
||